LEADER 01331nam a2200301 u 4500 001 000000039422 003 CaOOAMICUS 005 20070226114004.0 008 980513s1904 gw u000 u lat u 035 $a10794320 040 $aPUL(R)$bita 130 0 $aCorpus iuris civilis.$0(OLS)http://pul/title/21481 245 10$aCorpus iuris civilis.$n3,$pNovellae /$crecognovit Rudolfus Schoell; Opus schoelli morte interceptum absolvit Guilelmus Kroll. 246 33$aNovellae 260 $aBerolini :$bWeidmannos,$c1904. 300 $a813 p. ;$c25 cm 500 $aInclude indici. 500 $aEd. stereotypa tertia. 630 04$aCorpus iuris civilis$f1599.$0(OLS)http://pul/subject/9124 650 4$aDiritto romano$xFonti.$0(OLS)http://pul/subject/1707 700 1 $aKroll, Wilhelm,$d1869-1939.$0(OLS)http://pul/name/4656 700 1 $aSchöll, Rudolf,$d1844-1893.$0(OLS)http://pul/name/13975 850 $aPUL 852 $aPUL$W1$xDP1 Diritto e Scienze Sociali 2$y90$mApudBibl B 3$j53645$nBK-PRI$b $qStampati altre collocazioni$B53645$CPULBib$Z2$F53645 $H $81 941 1 $a10 996 $6245$aCorpus iuris civilis.$n3,$pNovellae$9(OLS)http://pul/title/53366 996 $6246$aNovellae$9(OLS)http://pul/title/53367 996 $6260$aBerolini :$bWeidmannos$9(OLS)http://pul/publisher/64013 LEADER 01028nam a2200241 u 4500 001 000000083341 003 CaOOAMICUS 005 20070226123947.0 008 050504s1930 it a u000 u lat u 035 $a11044711 040 $aPUL(R)$bita 130 0 $aBiblia.$pV.T.$kGruppi, scelte.$lLatino.$0(OLS)http://pul/title/3154 245 10$aVeteris Testamenti narrationes /$ccurante Carolo Vitali. 260 $aMediolani :$bIn Aedibus Antonii Vallardi Bibliopolae,$c1930. 300 $a127 p. ;$c22 cm 490 1 $aLingua latina ex usu ;$v4 700 1 $aVitali, Carlo.$0(OLS)http://pul/name/12937 830 0$aLingua latina ex usu ;$v4.$0(OLS)http://pul/title/71283 850 $aPUL 852 $aPUL$W1$xDP1 Fondo Cecchetti$y53$m264 D 2$j106042$nBK-PRI$b $qFondi$B106042$CPULBib$Z2$F106042 $H820 $81 941 1 $a1 996 $6245$aVeteris Testamenti narrationes$9(OLS)http://pul/title/108670 996 $6260$aMediolani :$bIn Aedibus Antonii Vallardi Bibliopolae$9(OLS)http://pul/publisher/76532